| 000 | 00394nam a22001577a 4500 | ||
|---|---|---|---|
| 003 | OSt | ||
| 008 | 200713b ||||| |||| 00| 0 eng d | ||
| 082 | _a615.18 PAP | ||
| 100 | _aNath Pal , Rabindra | ||
| 245 | _aPharmaceutical Packing Technology | ||
| 250 | _a4th, 2019 | ||
| 260 |
_aNew Delhi _bNirali |
||
| 300 | _aMisc | ||
| 650 | _aPharmaceutical Dosage form /Cosmetic | ||
| 942 |
_2ddc _cBK |
||
| 999 |
_c8878 _d8878 |
||